[Event "Santa Eugenia op 9th"]
[Site "Santa Eugenia"]
[Date "2014.05.09"]
[Round "3"]
[White "Boubakha, Abderrahim"]
[Black "Vela Prunell, David"]
[Result "1/2-1/2"]
[WhiteElo "1700"]
[BlackElo "1700"]
[PlyCount "41"]
[EventDate "2014.04.25"]
[EventType "swiss"]
[EventRounds "9"]
[EventCountry "ESP"]
[SourceTitle "EXT 2015"]
[Source "ChessBase"]
[SourceDate "2014.11.20"]
[SourceVersion "1"]
[SourceVersionDate "2014.11.20"]
[SourceQuality "1"]

1. e4 e5 2. Bc4 Nf6 3. Nc3 Bc5 4. a3 Nc6 5. Nf3 d6 6. d3 h6 7. 0-0 Bg4 8. Qe2 a6 9. h3 Bh5 10. Be3 Bxe3 11. Qxe3 Qe7 12. g4 Bg6 13. d4 exd4 14. Nxd4 Nxd4 15. Qxd4 0-0 16. Rae1 Qd7 17. e5 dxe5 18. Qxd7 Nxd7 19. Nd5 Bxc2 20. Ne7+ Kh8 21. Rc1 1/2-1/2

[Event "Santa Eugenia op 9th"]
[Site "Santa Eugenia"]
[Date "2014.05.02"]
[Round "2"]
[White "Foix Breto, Antoni"]
[Black "Boubakha, Abderrahim"]
[Result "1-0"]
[WhiteElo "1845"]
[BlackElo "1700"]
[PlyCount "39"]
[EventDate "2014.04.25"]
[EventType "swiss"]
[EventRounds "9"]
[EventCountry "ESP"]
[SourceTitle "EXT 2015"]
[Source "ChessBase"]
[SourceDate "2014.11.20"]
[SourceVersion "1"]
[SourceVersionDate "2014.11.20"]
[SourceQuality "1"]

1. e4 e5 2. Nf3 Nc6 3. Bb5 Qf6 4. c3 a6 5. Ba4 b5 6. Bc2 d6 7. h3 Qe6 8. d4 exd4 9. cxd4 Nf6 10. 0-0 Nxe4 11. Bxe4 d5 12. Bc2 Qf6 13. Bg5 Qd6 14. Re1+ Be6 15. Nbd2 Be7 16. Nb3 Bxg5 17. Nxg5 Nd8 18. Nc5 0-0 19. Bxh7+ Kh8 20. Qh5 1-0